A method for the viola da gamba
-д хадгалсан:
| Үндсэн зохиолч: | |
|---|---|
| Формат: | Ном |
| Хэл сонгох: | англи |
| Хэвлэсэн: |
Wichita
William R. Levine
1979
|
| Нөхцлүүд: | |
| Шошгууд: |
Шошго нэмэх
Шошго байхгүй, Энэхүү баримтыг шошголох эхний хүн болох!
|
MARC
| LEADER | 00000nam a2200000 a 4500 | ||
|---|---|---|---|
| 001 | UCN7933 | ||
| 003 | CL-VaPUC | ||
| 008 | 011026e19790000US |||||||||||||||||eng|d | ||
| 082 | 0 | 4 | |a 787.65193 |b KIN |2 21 |
| 100 | 0 | |a Kinney, Gordon J |e author |9 464149 | |
| 245 | 1 | 2 | |a A method for the viola da gamba |
| 300 | |a 167 p | ||
| 942 | |c BK | ||
| 945 | |d 20011026 00:00:00 |a lriquelm | ||
| 260 | |a Wichita |b William R. Levine |c 1979 | ||
| 650 | 0 | |a Técnicas de ejecución |9 323937 | |
| 650 | 0 | |a Música para viola da gamba |9 464150 | |
| 650 | 0 | |a Técnica de la mano izquierda |9 461411 | |
| 650 | 7 | |a PEDAGOGIA INSTRUMENTAL |2 CL-VaPUC |9 464151 | |
| 650 | 0 | |a Viola da gamba |x Ejercicios y estudios |9 464152 | |
| 650 | 0 | |a Viola da gamba |x Estudios e intrucción |9 464153 | |
| 583 | |a last modification |c 20011026 00:00:00 |k Rodrigo Vera | ||
| 999 | |c 298093 |d 298091 | ||
| 952 | |0 0 |1 0 |4 0 |6 787_651930000000000_KIN_1979 |7 0 |8 F |9 353431 |a BIBEDU |b BIBEDU |d 2019-11-21 |i 1174827 |o 787.65193 KIN 1979 |p 1174827 |r 2023-01-12 |w 2019-11-21 |y BK_F |k MUS | ||
| 952 | |0 0 |1 0 |4 0 |6 787_651930000000000_KIN_1979 |7 0 |8 F |9 353432 |a BIBEDU |b BIBEDU |d 2019-11-21 |i 1174835 |o 787.65193 KIN 1979 |p 1174835 |r 2022-03-17 |w 2019-11-21 |y BK_F |k MUS | ||